LEADER 00476nam 2200169z- 450 001 996693654703316 035 $a(OCoLC)9012341 035 $a(CKB)4920000005078726 035 $a(EXLCZ)994920000005078726 100 $a20251223c1689uuuu -u- - 101 0 $aeng 200 00$aInnocency vindicated, or, Reproach wip'd off 210 $cPrinted by J. Darby 906 $aBOOK 912 $a996693654703316 996 $aInnocency vindicated, or, Reproach wip'd off$92358357 997 $aUNISA